|
|
|
|
| LEADER |
01327nam a2200385 a 4500 |
| 001 |
000455491 |
| 003 |
CZ BrMZK |
| 005 |
20210121130214.0 |
| 007 |
ta |
| 008 |
990315s1999 xr e f cze d |
| 015 |
|
|
|a cnb000785119
|
| 020 |
|
|
|a 80-85876-98-1
|
| 035 |
|
|
|a (OCoLC)84991631
|
| 040 |
|
|
|a BOA001
|b cze
|
| 072 |
|
7 |
|a 17
|x Etika. Morální filozofie
|2 Konspekt
|9 5
|
| 080 |
|
|
|a 17.024.4
|2 MRF
|
| 080 |
|
|
|a 17.023.34
|2 MRF
|
| 080 |
|
|
|a 159.923.5
|2 MRF
|
| 080 |
|
|
|a 159.942
|2 MRF
|
| 080 |
|
|
|a (0.062)
|2 MRF
|
| 100 |
1 |
|
|a De Angelis, Barbara,
|d 1951-
|7 jn19981000581
|4 aut
|
| 245 |
1 |
0 |
|a Tajemství vášně /
|c Barbara De Angelis.
|
| 260 |
|
|
|a Praha :
|b Eminent,
|c 1999
|
| 300 |
|
|
|a 79 s. ;
|c 21 cm
|
| 500 |
|
|
|a Dostupné též v digitální podobě v aplikaci Kramerius
|
| 650 |
0 |
7 |
|a úspěch
|7 ph128351
|2 czenas
|
| 650 |
0 |
7 |
|a štěstí
|7 ph127882
|2 czenas
|
| 650 |
0 |
7 |
|a sebevýchova
|7 ph125456
|2 czenas
|
| 650 |
0 |
7 |
|a emoce
|7 ph114465
|2 czenas
|
| 655 |
|
7 |
|a populárně-naučné publikace
|7 fd131864
|2 czenas
|
| 765 |
0 |
|
|t Passion
|
| 856 |
4 |
1 |
|u https://www.digitalniknihovna.cz/mzk/uuid/uuid:16e79fd8-3d5c-11f1-a7a1-5606c915a561
|y Digitalizovaný dokument
|x NDK
|
| 910 |
|
|
|a BOA001
|b 2-1066.986
|
| 990 |
|
|
|a BK
|
| 996 |
6 |
|
|b 2610106013
|c 2-1066.986
|l MZK
|r Sklad / do 1 hodiny
|n 13
|p p.v.
|w 000455491
|u 000010
|a 1
|e BOA001
|j MZK50
|s P
|